000 00878nam a2200157 i 4500
001 164218
003 ES-MaACL
005 20230906212908.0
008 170707s1887 sp |||| | spa d
245 0 0 _aColección oficial de leyes, reales decretos, reales órdenes, circulares y resoluciones que se han dictado referentes al registro de la propiedad inmueble y de los demás derechos reales dsde 22 de diciembre de 1882 hasta 31 de diciembre de 1886 /
_cformada por la Dirección General de los Registros Civil y de la Propiedad y del Notariado.
260 _a[S.l.] :
_b[s.n.],
_c1887 (
_eMadrid :
_fEstablecimiento Tipográfico de Felipe Pinto)
300 _a593 p. ;
_c22 cm.
650 4 _aRegistro de la propiedad-
_zEspaña.
_916759
710 2 _aEspaña.
_bDirección General de los Registros Civil y de la Propiedad y del Notariado.
_9159704
852 _aES-MaACL
_jC-3223
999 _c164218
_d164218